000 00441nam a2200157Ia 4500
003 GCL
008 140319s9999 xx 000 0 ara d
040 _aGCL /
_cGCL
082 0 4 _aق
_b932
_bع ج
100 1 _aعبدالرحمن زكى
245 1 0 _aالجيش فى مصر القديمة /
_cعبدالرحمن زكى
300 _a386 ص ؛
_c25 سم
650 0 4 _aمصر - تاريخ
650 0 4 _aمصر - الجيش
942 _2ddc
_cBK
999 _c43331
_d43331